00543 2200205 4500001002100000008004100021035002000062245005400082100003200136250000600168260003000174300002600204020002200230084001400252082000800266650001800274990001500292990001500307990001500322INLIS000000000003384 ind  a0010-0526000007 aPathway To Engglish 1cTH.M.Sudarwati Eudia Grace aGrace, TH.M.Sudarwati Eudia a1 aJakarta :bErlanggac2025 a173 hlmc25 x 19.5 cm a978-623-522-129-8 a420 SUD p a420 aBahasa Inggis a20104/B/26 a20105/B/26 a20106/B/26